<?xml version="1.0" encoding="UTF-8"?>
<record
    xmlns:xsi="http://www.w3.org/2001/XMLSchema-instance"
    xsi:schemaLocation="http://www.loc.gov/MARC21/slim http://www.loc.gov/standards/marcxml/schema/MARC21slim.xsd"
    xmlns="http://www.loc.gov/MARC21/slim">

  <leader>00942nas a2200253 454500</leader>
  <controlfield tag="001">28151</controlfield>
  <controlfield tag="005">20260407193507.0</controlfield>
  <controlfield tag="008">260407s2015####ag###########|||spa#d</controlfield>
  <controlfield tag="003">AR-UNSa-BCEJYS</controlfield>
  <datafield tag="040" ind1=" " ind2=" ">
    <subfield code="a">AR-UNSa-BCEJYS</subfield>
    <subfield code="b">spa</subfield>
    <subfield code="c">AR-UNSa-BCEJYS</subfield>
  </datafield>
  <datafield tag="080" ind1=" " ind2=" ">
    <subfield code="a">347.7</subfield>
    <subfield code="x">Derecho Mercantil. Derecho Comercial</subfield>
  </datafield>
  <datafield tag="245" ind1="1" ind2="0">
    <subfield code="a">Temas de derecho comercial</subfield>
    <subfield code="p">empresarial y del consumidor</subfield>
  </datafield>
  <datafield tag="264" ind1=" " ind2="1">
    <subfield code="a">Buenos Aires :</subfield>
    <subfield code="b">Erreius</subfield>
    <subfield code="c">2015</subfield>
  </datafield>
  <datafield tag="310" ind1=" " ind2=" ">
    <subfield code="a">Frecuencia: Mensual
A partir del n&#xFA;mero correspondiente al mes de Febrero de 2024, cambia de periodicidad en forma bimestral</subfield>
  </datafield>
  <datafield tag="520" ind1=" " ind2=" ">
    <subfield code="a">Contiene Doctrina, Jur&#xED;sprudencia y Legislaci&#xF3;n</subfield>
  </datafield>
  <datafield tag="041" ind1=" " ind2=" ">
    <subfield code="a">spa</subfield>
  </datafield>
  <datafield tag="942" ind1=" " ind2=" ">
    <subfield code="c">SER</subfield>
  </datafield>
  <datafield tag="590" ind1=" " ind2=" ">
    <subfield code="a">niveau_biblio:s niveau_hierar:1</subfield>
  </datafield>
  <datafield tag="100" ind1="1" ind2=" ">
    <subfield code="a">Perciavalle, Marcelo L.</subfield>
  </datafield>
  <datafield tag="650" ind1=" " ind2=" ">
    <subfield code="a">Consumidor</subfield>
  </datafield>
  <datafield tag="650" ind1=" " ind2=" ">
    <subfield code="a">Legislaci&#xF3;n</subfield>
  </datafield>
  <datafield tag="650" ind1=" " ind2=" ">
    <subfield code="a">DERECHO COMERCIAL</subfield>
  </datafield>
  <datafield tag="856" ind1="4" ind2="1">
    <subfield code="u">https://biblioeco.unsa.edu.ar/pmb/images/revistas/R10498.jpg</subfield>
    <subfield code="y">Imagen de portada</subfield>
    <subfield code="q">image/jpeg</subfield>
  </datafield>
  <datafield tag="999" ind1=" " ind2=" ">
    <subfield code="c">8637</subfield>
    <subfield code="d">8637</subfield>
  </datafield>
  <datafield tag="952" ind1=" " ind2=" ">
    <subfield code="0">0</subfield>
    <subfield code="1">0</subfield>
    <subfield code="4">0</subfield>
    <subfield code="7">0</subfield>
    <subfield code="a">BCEJYS</subfield>
    <subfield code="b">BCEJYS</subfield>
    <subfield code="c">17</subfield>
    <subfield code="d">2024-08-01</subfield>
    <subfield code="h">A&#xF1;o 10, N&#xB0; 8/9 - ago./sep. 2024</subfield>
    <subfield code="l">0</subfield>
    <subfield code="o">H347.7 EMP 8/9.2024</subfield>
    <subfield code="p">R23362</subfield>
    <subfield code="r">2026-04-10 16:08:42</subfield>
    <subfield code="w">2026-04-10</subfield>
    <subfield code="y">RN</subfield>
  </datafield>
  <datafield tag="952" ind1=" " ind2=" ">
    <subfield code="0">0</subfield>
    <subfield code="1">0</subfield>
    <subfield code="4">0</subfield>
    <subfield code="7">0</subfield>
    <subfield code="a">BCEJYS</subfield>
    <subfield code="b">BCEJYS</subfield>
    <subfield code="c">17</subfield>
    <subfield code="d">2024-06-01</subfield>
    <subfield code="h">A&#xF1;o 10, N&#xB0; 6/7 - jun./jul 2024</subfield>
    <subfield code="l">0</subfield>
    <subfield code="o">H347.7 EMP 6/7.2024</subfield>
    <subfield code="p">R23359</subfield>
    <subfield code="r">2026-04-10 16:08:42</subfield>
    <subfield code="w">2026-04-10</subfield>
    <subfield code="y">RN</subfield>
  </datafield>
  <datafield tag="952" ind1=" " ind2=" ">
    <subfield code="0">0</subfield>
    <subfield code="1">0</subfield>
    <subfield code="4">0</subfield>
    <subfield code="7">0</subfield>
    <subfield code="a">BCEJYS</subfield>
    <subfield code="b">BCEJYS</subfield>
    <subfield code="c">17</subfield>
    <subfield code="d">2024-04-01</subfield>
    <subfield code="h">A&#xF1;o 10, N&#xB0; 4/5 - abr./mayo 2024</subfield>
    <subfield code="l">0</subfield>
    <subfield code="o">H347.7 EMP 4/5.2024</subfield>
    <subfield code="p">R23335</subfield>
    <subfield code="r">2026-04-10 16:08:42</subfield>
    <subfield code="w">2026-04-10</subfield>
    <subfield code="y">RN</subfield>
  </datafield>
  <datafield tag="952" ind1=" " ind2=" ">
    <subfield code="0">0</subfield>
    <subfield code="1">0</subfield>
    <subfield code="4">0</subfield>
    <subfield code="7">0</subfield>
    <subfield code="a">BCEJYS</subfield>
    <subfield code="b">BCEJYS</subfield>
    <subfield code="c">17</subfield>
    <subfield code="d">2024-02-01</subfield>
    <subfield code="h">A&#xF1;o 10, N&#xB0; 2/3 - feb./mar. 2024</subfield>
    <subfield code="l">0</subfield>
    <subfield code="o">H347.7 EMP 2/3.2024</subfield>
    <subfield code="p">R00415</subfield>
    <subfield code="r">2026-04-10 16:08:42</subfield>
    <subfield code="w">2026-04-10</subfield>
    <subfield code="y">RN</subfield>
  </datafield>
  <datafield tag="952" ind1=" " ind2=" ">
    <subfield code="0">0</subfield>
    <subfield code="1">0</subfield>
    <subfield code="4">0</subfield>
    <subfield code="7">0</subfield>
    <subfield code="a">BCEJYS</subfield>
    <subfield code="b">BCEJYS</subfield>
    <subfield code="c">17</subfield>
    <subfield code="d">2023-12-01</subfield>
    <subfield code="h">A&#xF1;o 9, N&#xB0; 12 - dic. 2023</subfield>
    <subfield code="l">0</subfield>
    <subfield code="o">H347.7 EMP 12.2023</subfield>
    <subfield code="p">R00477</subfield>
    <subfield code="r">2026-04-10 16:08:42</subfield>
    <subfield code="w">2026-04-10</subfield>
    <subfield code="y">RN</subfield>
  </datafield>
  <datafield tag="952" ind1=" " ind2=" ">
    <subfield code="0">0</subfield>
    <subfield code="1">0</subfield>
    <subfield code="4">0</subfield>
    <subfield code="7">0</subfield>
    <subfield code="a">BCEJYS</subfield>
    <subfield code="b">BCEJYS</subfield>
    <subfield code="c">17</subfield>
    <subfield code="d">2023-11-01</subfield>
    <subfield code="h">A&#xF1;o 9, N&#xB0; 11 - nov. 2023</subfield>
    <subfield code="l">0</subfield>
    <subfield code="o">H347.7 EMP 11.2023</subfield>
    <subfield code="p">R00434</subfield>
    <subfield code="r">2026-04-10 16:08:42</subfield>
    <subfield code="w">2026-04-10</subfield>
    <subfield code="y">RN</subfield>
  </datafield>
  <datafield tag="952" ind1=" " ind2=" ">
    <subfield code="0">0</subfield>
    <subfield code="1">0</subfield>
    <subfield code="4">0</subfield>
    <subfield code="7">0</subfield>
    <subfield code="a">BCEJYS</subfield>
    <subfield code="b">BCEJYS</subfield>
    <subfield code="c">17</subfield>
    <subfield code="d">2023-10-01</subfield>
    <subfield code="h">A&#xF1;o 9, N&#xB0; 10 - oct. 2023</subfield>
    <subfield code="l">0</subfield>
    <subfield code="o">H347.7 EMP 10.2023</subfield>
    <subfield code="p">R00417</subfield>
    <subfield code="r">2026-04-10 16:08:42</subfield>
    <subfield code="w">2026-04-10</subfield>
    <subfield code="y">RN</subfield>
  </datafield>
  <datafield tag="952" ind1=" " ind2=" ">
    <subfield code="0">0</subfield>
    <subfield code="1">0</subfield>
    <subfield code="4">0</subfield>
    <subfield code="7">0</subfield>
    <subfield code="a">BCEJYS</subfield>
    <subfield code="b">BCEJYS</subfield>
    <subfield code="c">17</subfield>
    <subfield code="d">2023-09-01</subfield>
    <subfield code="h">A&#xF1;o 9, N&#xB0; 9 - sep. 2023</subfield>
    <subfield code="l">0</subfield>
    <subfield code="o">H347.7 EMP 9.2023</subfield>
    <subfield code="p">R01572</subfield>
    <subfield code="r">2026-04-10 16:08:42</subfield>
    <subfield code="w">2026-04-10</subfield>
    <subfield code="y">RN</subfield>
  </datafield>
  <datafield tag="952" ind1=" " ind2=" ">
    <subfield code="0">0</subfield>
    <subfield code="1">0</subfield>
    <subfield code="4">0</subfield>
    <subfield code="7">0</subfield>
    <subfield code="a">BCEJYS</subfield>
    <subfield code="b">BCEJYS</subfield>
    <subfield code="c">17</subfield>
    <subfield code="d">2023-08-01</subfield>
    <subfield code="h">A&#xF1;o 9, N&#xB0; 8 - ago. 2023</subfield>
    <subfield code="l">0</subfield>
    <subfield code="o">H347.7 EMP 8.2023</subfield>
    <subfield code="p">R10357</subfield>
    <subfield code="r">2026-04-10 16:08:42</subfield>
    <subfield code="w">2026-04-10</subfield>
    <subfield code="y">RN</subfield>
  </datafield>
  <datafield tag="952" ind1=" " ind2=" ">
    <subfield code="0">0</subfield>
    <subfield code="1">0</subfield>
    <subfield code="4">0</subfield>
    <subfield code="7">0</subfield>
    <subfield code="a">BCEJYS</subfield>
    <subfield code="b">BCEJYS</subfield>
    <subfield code="c">17</subfield>
    <subfield code="d">2023-07-01</subfield>
    <subfield code="h">A&#xF1;o 9, N&#xB0; 7 - jul. 2023</subfield>
    <subfield code="l">0</subfield>
    <subfield code="o">H347.7 EMP 7.2023</subfield>
    <subfield code="p">R10379</subfield>
    <subfield code="r">2026-04-10 16:08:42</subfield>
    <subfield code="w">2026-04-10</subfield>
    <subfield code="y">RN</subfield>
  </datafield>
  <datafield tag="952" ind1=" " ind2=" ">
    <subfield code="0">0</subfield>
    <subfield code="1">0</subfield>
    <subfield code="4">0</subfield>
    <subfield code="7">0</subfield>
    <subfield code="a">BCEJYS</subfield>
    <subfield code="b">BCEJYS</subfield>
    <subfield code="c">17</subfield>
    <subfield code="d">2023-06-01</subfield>
    <subfield code="h">A&#xF1;o 9, N&#xB0; 6 - jun. 2023</subfield>
    <subfield code="l">0</subfield>
    <subfield code="o">H347.7 EMP 6.2023</subfield>
    <subfield code="p">R10344</subfield>
    <subfield code="r">2026-04-10 16:08:42</subfield>
    <subfield code="w">2026-04-10</subfield>
    <subfield code="y">RN</subfield>
  </datafield>
  <datafield tag="952" ind1=" " ind2=" ">
    <subfield code="0">0</subfield>
    <subfield code="1">0</subfield>
    <subfield code="4">0</subfield>
    <subfield code="7">0</subfield>
    <subfield code="a">BCEJYS</subfield>
    <subfield code="b">BCEJYS</subfield>
    <subfield code="c">17</subfield>
    <subfield code="d">2023-05-01</subfield>
    <subfield code="h">A&#xF1;o 9, N&#xB0; 5 - mayo 2023</subfield>
    <subfield code="l">0</subfield>
    <subfield code="o">H347.7 EMP 5.2023</subfield>
    <subfield code="p">R10481</subfield>
    <subfield code="r">2026-04-10 16:08:42</subfield>
    <subfield code="w">2026-04-10</subfield>
    <subfield code="y">RN</subfield>
  </datafield>
  <datafield tag="952" ind1=" " ind2=" ">
    <subfield code="0">0</subfield>
    <subfield code="1">0</subfield>
    <subfield code="4">0</subfield>
    <subfield code="7">0</subfield>
    <subfield code="a">BCEJYS</subfield>
    <subfield code="b">BCEJYS</subfield>
    <subfield code="c">17</subfield>
    <subfield code="d">2023-04-01</subfield>
    <subfield code="h">A&#xF1;o 9, N&#xB0; 4 - abr. 2023</subfield>
    <subfield code="l">0</subfield>
    <subfield code="o">H347.7 EMP 4.2023</subfield>
    <subfield code="p">R00524</subfield>
    <subfield code="r">2026-04-10 16:08:42</subfield>
    <subfield code="w">2026-04-10</subfield>
    <subfield code="y">RN</subfield>
  </datafield>
  <datafield tag="952" ind1=" " ind2=" ">
    <subfield code="0">0</subfield>
    <subfield code="1">0</subfield>
    <subfield code="4">0</subfield>
    <subfield code="7">0</subfield>
    <subfield code="a">BCEJYS</subfield>
    <subfield code="b">BCEJYS</subfield>
    <subfield code="c">17</subfield>
    <subfield code="d">2023-03-01</subfield>
    <subfield code="h">A&#xF1;o 9, N&#xB0; 3 - mar. 2023</subfield>
    <subfield code="l">0</subfield>
    <subfield code="o">H347.7 EMP 3.2023</subfield>
    <subfield code="p">R10382</subfield>
    <subfield code="r">2026-04-10 16:08:42</subfield>
    <subfield code="w">2026-04-10</subfield>
    <subfield code="y">RN</subfield>
  </datafield>
  <datafield tag="952" ind1=" " ind2=" ">
    <subfield code="0">0</subfield>
    <subfield code="1">0</subfield>
    <subfield code="4">0</subfield>
    <subfield code="7">0</subfield>
    <subfield code="a">BCEJYS</subfield>
    <subfield code="b">BCEJYS</subfield>
    <subfield code="c">17</subfield>
    <subfield code="d">2023-02-01</subfield>
    <subfield code="h">A&#xF1;o 9, N&#xB0; 2 - feb. 2023</subfield>
    <subfield code="l">0</subfield>
    <subfield code="o">H347.7 EMP 2.2023</subfield>
    <subfield code="p">R10498</subfield>
    <subfield code="r">2026-04-10 16:08:42</subfield>
    <subfield code="w">2026-04-10</subfield>
    <subfield code="y">RN</subfield>
  </datafield>
  <datafield tag="952" ind1=" " ind2=" ">
    <subfield code="0">0</subfield>
    <subfield code="1">0</subfield>
    <subfield code="4">0</subfield>
    <subfield code="7">0</subfield>
    <subfield code="a">BCEJYS</subfield>
    <subfield code="b">BCEJYS</subfield>
    <subfield code="c">17</subfield>
    <subfield code="d">2022-12-01</subfield>
    <subfield code="h">A&#xF1;o 8, N&#xB0; 12 - dic. 2022</subfield>
    <subfield code="l">0</subfield>
    <subfield code="o">H347.7 EMP 12.2022</subfield>
    <subfield code="p">R10559</subfield>
    <subfield code="r">2026-04-10 16:08:42</subfield>
    <subfield code="w">2026-04-10</subfield>
    <subfield code="y">RN</subfield>
  </datafield>
  <datafield tag="952" ind1=" " ind2=" ">
    <subfield code="0">0</subfield>
    <subfield code="1">0</subfield>
    <subfield code="4">0</subfield>
    <subfield code="7">0</subfield>
    <subfield code="a">BCEJYS</subfield>
    <subfield code="b">BCEJYS</subfield>
    <subfield code="c">17</subfield>
    <subfield code="d">2022-11-01</subfield>
    <subfield code="h">A&#xF1;o 8, N&#xB0; 11 - nov. 2022</subfield>
    <subfield code="l">0</subfield>
    <subfield code="o">H347.7 EMP 11.2022</subfield>
    <subfield code="p">R00453</subfield>
    <subfield code="r">2026-04-10 16:08:42</subfield>
    <subfield code="w">2026-04-10</subfield>
    <subfield code="y">RN</subfield>
  </datafield>
  <datafield tag="952" ind1=" " ind2=" ">
    <subfield code="0">0</subfield>
    <subfield code="1">0</subfield>
    <subfield code="4">0</subfield>
    <subfield code="7">0</subfield>
    <subfield code="a">BCEJYS</subfield>
    <subfield code="b">BCEJYS</subfield>
    <subfield code="c">17</subfield>
    <subfield code="d">2022-10-01</subfield>
    <subfield code="h">A&#xF1;o 8, N&#xB0; 10 - oct. 2022</subfield>
    <subfield code="l">0</subfield>
    <subfield code="o">H347.7 EMP 10.2022</subfield>
    <subfield code="p">R10459</subfield>
    <subfield code="r">2026-04-10 16:08:42</subfield>
    <subfield code="w">2026-04-10</subfield>
    <subfield code="y">RN</subfield>
  </datafield>
  <datafield tag="952" ind1=" " ind2=" ">
    <subfield code="0">0</subfield>
    <subfield code="1">0</subfield>
    <subfield code="4">0</subfield>
    <subfield code="7">0</subfield>
    <subfield code="a">BCEJYS</subfield>
    <subfield code="b">BCEJYS</subfield>
    <subfield code="c">17</subfield>
    <subfield code="d">2022-09-01</subfield>
    <subfield code="h">A&#xF1;o 8, N&#xB0; 9 - sep. 2022</subfield>
    <subfield code="l">0</subfield>
    <subfield code="o">H347.7 EMP 9.2022</subfield>
    <subfield code="p">R00413</subfield>
    <subfield code="r">2026-04-10 16:08:42</subfield>
    <subfield code="w">2026-04-10</subfield>
    <subfield code="y">RN</subfield>
  </datafield>
  <datafield tag="952" ind1=" " ind2=" ">
    <subfield code="0">0</subfield>
    <subfield code="1">0</subfield>
    <subfield code="4">0</subfield>
    <subfield code="7">0</subfield>
    <subfield code="a">BCEJYS</subfield>
    <subfield code="b">BCEJYS</subfield>
    <subfield code="c">17</subfield>
    <subfield code="d">2022-08-01</subfield>
    <subfield code="h">A&#xF1;o 8, N&#xB0; 8 - ago. 2022</subfield>
    <subfield code="l">0</subfield>
    <subfield code="o">H347.7 EMP 8.2022</subfield>
    <subfield code="p">R10438</subfield>
    <subfield code="r">2026-04-10 16:08:42</subfield>
    <subfield code="w">2026-04-10</subfield>
    <subfield code="y">RN</subfield>
  </datafield>
  <datafield tag="952" ind1=" " ind2=" ">
    <subfield code="0">0</subfield>
    <subfield code="1">0</subfield>
    <subfield code="4">0</subfield>
    <subfield code="7">0</subfield>
    <subfield code="a">BCEJYS</subfield>
    <subfield code="b">BCEJYS</subfield>
    <subfield code="c">17</subfield>
    <subfield code="d">2022-07-01</subfield>
    <subfield code="h">A&#xF1;o 8, N&#xB0; 7 - jul. 2022</subfield>
    <subfield code="l">0</subfield>
    <subfield code="o">H347.7 EMP 7.2022</subfield>
    <subfield code="p">R09864</subfield>
    <subfield code="r">2026-04-10 16:08:42</subfield>
    <subfield code="w">2026-04-10</subfield>
    <subfield code="y">RN</subfield>
  </datafield>
  <datafield tag="952" ind1=" " ind2=" ">
    <subfield code="0">0</subfield>
    <subfield code="1">0</subfield>
    <subfield code="4">0</subfield>
    <subfield code="7">0</subfield>
    <subfield code="a">BCEJYS</subfield>
    <subfield code="b">BCEJYS</subfield>
    <subfield code="c">17</subfield>
    <subfield code="d">2022-06-01</subfield>
    <subfield code="h">A&#xF1;o 8, N&#xB0; 6 - jun. 2022</subfield>
    <subfield code="l">0</subfield>
    <subfield code="o">H347.7 EMP 6.2022</subfield>
    <subfield code="p">R01718</subfield>
    <subfield code="r">2026-04-10 16:08:42</subfield>
    <subfield code="w">2026-04-10</subfield>
    <subfield code="y">RN</subfield>
  </datafield>
  <datafield tag="952" ind1=" " ind2=" ">
    <subfield code="0">0</subfield>
    <subfield code="1">0</subfield>
    <subfield code="4">0</subfield>
    <subfield code="7">0</subfield>
    <subfield code="a">BCEJYS</subfield>
    <subfield code="b">BCEJYS</subfield>
    <subfield code="c">17</subfield>
    <subfield code="d">2022-05-01</subfield>
    <subfield code="h">A&#xF1;o 8, N&#xB0; 5 - mayo 2022</subfield>
    <subfield code="l">0</subfield>
    <subfield code="o">H347.7 EMP 5.2022</subfield>
    <subfield code="p">R09828</subfield>
    <subfield code="r">2026-04-10 16:08:42</subfield>
    <subfield code="w">2026-04-10</subfield>
    <subfield code="y">RN</subfield>
  </datafield>
  <datafield tag="952" ind1=" " ind2=" ">
    <subfield code="0">0</subfield>
    <subfield code="1">0</subfield>
    <subfield code="4">0</subfield>
    <subfield code="7">0</subfield>
    <subfield code="a">BCEJYS</subfield>
    <subfield code="b">BCEJYS</subfield>
    <subfield code="c">17</subfield>
    <subfield code="d">2022-04-01</subfield>
    <subfield code="h">A&#xF1;o 8, N&#xB0; 4 - abr. 2022</subfield>
    <subfield code="l">0</subfield>
    <subfield code="o">H347.7 EMP 4.2022</subfield>
    <subfield code="p">R14049</subfield>
    <subfield code="r">2026-04-10 16:08:42</subfield>
    <subfield code="w">2026-04-10</subfield>
    <subfield code="y">RN</subfield>
  </datafield>
  <datafield tag="952" ind1=" " ind2=" ">
    <subfield code="0">0</subfield>
    <subfield code="1">0</subfield>
    <subfield code="4">0</subfield>
    <subfield code="7">0</subfield>
    <subfield code="a">BCEJYS</subfield>
    <subfield code="b">BCEJYS</subfield>
    <subfield code="c">17</subfield>
    <subfield code="d">2022-03-01</subfield>
    <subfield code="h">A&#xF1;o 8, N&#xB0; 3 - mar. 2022</subfield>
    <subfield code="l">0</subfield>
    <subfield code="o">H347.7 EMP 3.2022</subfield>
    <subfield code="p">R14120</subfield>
    <subfield code="r">2026-04-10 16:08:42</subfield>
    <subfield code="w">2026-04-10</subfield>
    <subfield code="y">RN</subfield>
  </datafield>
  <datafield tag="952" ind1=" " ind2=" ">
    <subfield code="0">0</subfield>
    <subfield code="1">0</subfield>
    <subfield code="4">0</subfield>
    <subfield code="7">0</subfield>
    <subfield code="a">BCEJYS</subfield>
    <subfield code="b">BCEJYS</subfield>
    <subfield code="c">17</subfield>
    <subfield code="d">2022-02-01</subfield>
    <subfield code="h">A&#xF1;o 8, N&#xB0; 2 - feb. 2022</subfield>
    <subfield code="l">0</subfield>
    <subfield code="o">H347.7 EMP 2.2022</subfield>
    <subfield code="p">R14063</subfield>
    <subfield code="r">2026-04-10 16:08:42</subfield>
    <subfield code="w">2026-04-10</subfield>
    <subfield code="y">RN</subfield>
  </datafield>
  <datafield tag="952" ind1=" " ind2=" ">
    <subfield code="0">0</subfield>
    <subfield code="1">0</subfield>
    <subfield code="4">0</subfield>
    <subfield code="7">0</subfield>
    <subfield code="a">BCEJYS</subfield>
    <subfield code="b">BCEJYS</subfield>
    <subfield code="c">17</subfield>
    <subfield code="d">2021-12-01</subfield>
    <subfield code="h">A&#xF1;o 7, N&#xB0; 12 - dic. 2021</subfield>
    <subfield code="l">0</subfield>
    <subfield code="o">H347.7 EMP 12.2021</subfield>
    <subfield code="p">R09913</subfield>
    <subfield code="r">2026-04-10 16:08:42</subfield>
    <subfield code="w">2026-04-10</subfield>
    <subfield code="y">RN</subfield>
  </datafield>
  <datafield tag="952" ind1=" " ind2=" ">
    <subfield code="0">0</subfield>
    <subfield code="1">0</subfield>
    <subfield code="4">0</subfield>
    <subfield code="7">0</subfield>
    <subfield code="a">BCEJYS</subfield>
    <subfield code="b">BCEJYS</subfield>
    <subfield code="c">17</subfield>
    <subfield code="d">2021-11-01</subfield>
    <subfield code="h">A&#xF1;o 7, N&#xB0; 11 - nov. 2021</subfield>
    <subfield code="l">0</subfield>
    <subfield code="o">H347.7 EMP 11.2021</subfield>
    <subfield code="p">R10162</subfield>
    <subfield code="r">2026-04-10 16:08:42</subfield>
    <subfield code="w">2026-04-10</subfield>
    <subfield code="y">RN</subfield>
  </datafield>
  <datafield tag="952" ind1=" " ind2=" ">
    <subfield code="0">0</subfield>
    <subfield code="1">0</subfield>
    <subfield code="4">0</subfield>
    <subfield code="7">0</subfield>
    <subfield code="a">BCEJYS</subfield>
    <subfield code="b">BCEJYS</subfield>
    <subfield code="c">17</subfield>
    <subfield code="d">2021-10-01</subfield>
    <subfield code="h">A&#xF1;o 7, N&#xB0; 10 - oct. 2021</subfield>
    <subfield code="l">0</subfield>
    <subfield code="o">H347.7 EMP 10.2021</subfield>
    <subfield code="p">R23314</subfield>
    <subfield code="r">2026-04-10 16:08:42</subfield>
    <subfield code="w">2026-04-10</subfield>
    <subfield code="y">RN</subfield>
  </datafield>
  <datafield tag="952" ind1=" " ind2=" ">
    <subfield code="0">0</subfield>
    <subfield code="1">0</subfield>
    <subfield code="4">0</subfield>
    <subfield code="7">0</subfield>
    <subfield code="a">BCEJYS</subfield>
    <subfield code="b">BCEJYS</subfield>
    <subfield code="c">17</subfield>
    <subfield code="d">2021-09-01</subfield>
    <subfield code="h">A&#xF1;o 7, N&#xB0; 9 - sep. 2021</subfield>
    <subfield code="l">0</subfield>
    <subfield code="o">H347.7 EMP 9.2021</subfield>
    <subfield code="p">R22690</subfield>
    <subfield code="r">2026-04-10 16:08:42</subfield>
    <subfield code="w">2026-04-10</subfield>
    <subfield code="y">RN</subfield>
  </datafield>
  <datafield tag="952" ind1=" " ind2=" ">
    <subfield code="0">0</subfield>
    <subfield code="1">0</subfield>
    <subfield code="4">0</subfield>
    <subfield code="7">0</subfield>
    <subfield code="a">BCEJYS</subfield>
    <subfield code="b">BCEJYS</subfield>
    <subfield code="c">17</subfield>
    <subfield code="d">2021-08-01</subfield>
    <subfield code="h">A&#xF1;o 7, N&#xBA; 8 - ago. 2021</subfield>
    <subfield code="l">0</subfield>
    <subfield code="o">H347.7 EMP 8.2021</subfield>
    <subfield code="p">R22677</subfield>
    <subfield code="r">2026-04-10 16:08:42</subfield>
    <subfield code="w">2026-04-10</subfield>
    <subfield code="y">RN</subfield>
  </datafield>
  <datafield tag="952" ind1=" " ind2=" ">
    <subfield code="0">0</subfield>
    <subfield code="1">0</subfield>
    <subfield code="4">0</subfield>
    <subfield code="7">0</subfield>
    <subfield code="a">BCEJYS</subfield>
    <subfield code="b">BCEJYS</subfield>
    <subfield code="c">17</subfield>
    <subfield code="d">2021-07-01</subfield>
    <subfield code="h">A&#xF1;o 7, N&#xB0; 7 - jul. 2021</subfield>
    <subfield code="l">0</subfield>
    <subfield code="o">H347.7 EMP 7.2021</subfield>
    <subfield code="p">R22665</subfield>
    <subfield code="r">2026-04-10 16:08:42</subfield>
    <subfield code="w">2026-04-10</subfield>
    <subfield code="y">RN</subfield>
  </datafield>
  <datafield tag="952" ind1=" " ind2=" ">
    <subfield code="0">0</subfield>
    <subfield code="1">0</subfield>
    <subfield code="4">0</subfield>
    <subfield code="7">0</subfield>
    <subfield code="a">BCEJYS</subfield>
    <subfield code="b">BCEJYS</subfield>
    <subfield code="c">17</subfield>
    <subfield code="d">2021-06-01</subfield>
    <subfield code="h">A&#xF1;o 7, N&#xB0; 6 - jun. 2021</subfield>
    <subfield code="l">0</subfield>
    <subfield code="o">H347.7 EMP 6.2021</subfield>
    <subfield code="p">R22643</subfield>
    <subfield code="r">2026-04-10 16:08:42</subfield>
    <subfield code="w">2026-04-10</subfield>
    <subfield code="y">RN</subfield>
  </datafield>
  <datafield tag="952" ind1=" " ind2=" ">
    <subfield code="0">0</subfield>
    <subfield code="1">0</subfield>
    <subfield code="4">0</subfield>
    <subfield code="7">0</subfield>
    <subfield code="a">BCEJYS</subfield>
    <subfield code="b">BCEJYS</subfield>
    <subfield code="c">17</subfield>
    <subfield code="d">2021-05-01</subfield>
    <subfield code="h">A&#xF1;o 7, N&#xB0; 5 - mayo 2021</subfield>
    <subfield code="l">0</subfield>
    <subfield code="o">H347.7 EMP 5.2021</subfield>
    <subfield code="p">R22637</subfield>
    <subfield code="r">2026-04-10 16:08:43</subfield>
    <subfield code="w">2026-04-10</subfield>
    <subfield code="y">RN</subfield>
  </datafield>
  <datafield tag="952" ind1=" " ind2=" ">
    <subfield code="0">0</subfield>
    <subfield code="1">0</subfield>
    <subfield code="4">0</subfield>
    <subfield code="7">0</subfield>
    <subfield code="a">BCEJYS</subfield>
    <subfield code="b">BCEJYS</subfield>
    <subfield code="c">17</subfield>
    <subfield code="d">2021-04-01</subfield>
    <subfield code="h">A&#xF1;o 7, N&#xB0; 4 - abr. 2021</subfield>
    <subfield code="l">0</subfield>
    <subfield code="o">H347.7 EMP 4.2021</subfield>
    <subfield code="p">R22610</subfield>
    <subfield code="r">2026-04-10 16:08:43</subfield>
    <subfield code="w">2026-04-10</subfield>
    <subfield code="y">RN</subfield>
  </datafield>
  <datafield tag="952" ind1=" " ind2=" ">
    <subfield code="0">0</subfield>
    <subfield code="1">0</subfield>
    <subfield code="4">0</subfield>
    <subfield code="7">0</subfield>
    <subfield code="a">BCEJYS</subfield>
    <subfield code="b">BCEJYS</subfield>
    <subfield code="c">17</subfield>
    <subfield code="d">2021-03-01</subfield>
    <subfield code="h">A&#xF1;o 7, N&#xB0; 3 - mar. 2021</subfield>
    <subfield code="l">0</subfield>
    <subfield code="o">H347.7 EMP 3.2021</subfield>
    <subfield code="p">R22588</subfield>
    <subfield code="r">2026-04-10 16:08:43</subfield>
    <subfield code="w">2026-04-10</subfield>
    <subfield code="y">RN</subfield>
  </datafield>
  <datafield tag="952" ind1=" " ind2=" ">
    <subfield code="0">0</subfield>
    <subfield code="1">0</subfield>
    <subfield code="4">0</subfield>
    <subfield code="7">0</subfield>
    <subfield code="a">BCEJYS</subfield>
    <subfield code="b">BCEJYS</subfield>
    <subfield code="c">17</subfield>
    <subfield code="d">2021-02-01</subfield>
    <subfield code="h">A&#xF1;o 7, N&#xB0; 2 - feb. 2021</subfield>
    <subfield code="l">0</subfield>
    <subfield code="o">H347.7 EMP 2.2021</subfield>
    <subfield code="p">R22573</subfield>
    <subfield code="r">2026-04-10 16:08:43</subfield>
    <subfield code="w">2026-04-10</subfield>
    <subfield code="y">RN</subfield>
  </datafield>
  <datafield tag="952" ind1=" " ind2=" ">
    <subfield code="0">0</subfield>
    <subfield code="1">0</subfield>
    <subfield code="4">0</subfield>
    <subfield code="7">0</subfield>
    <subfield code="a">BCEJYS</subfield>
    <subfield code="b">BCEJYS</subfield>
    <subfield code="c">17</subfield>
    <subfield code="d">2020-12-01</subfield>
    <subfield code="h">A&#xF1;o 6, N&#xB0; 12 - dic. 2020</subfield>
    <subfield code="l">0</subfield>
    <subfield code="o">H347.7 EMP 12.2020</subfield>
    <subfield code="p">R22523</subfield>
    <subfield code="r">2026-04-10 16:08:43</subfield>
    <subfield code="w">2026-04-10</subfield>
    <subfield code="y">RN</subfield>
  </datafield>
  <datafield tag="952" ind1=" " ind2=" ">
    <subfield code="0">0</subfield>
    <subfield code="1">0</subfield>
    <subfield code="4">0</subfield>
    <subfield code="7">0</subfield>
    <subfield code="a">BCEJYS</subfield>
    <subfield code="b">BCEJYS</subfield>
    <subfield code="c">17</subfield>
    <subfield code="d">2020-11-01</subfield>
    <subfield code="h">A&#xF1;o 6, N&#xB0; 11 - nov. 2020</subfield>
    <subfield code="l">0</subfield>
    <subfield code="o">H347.7 EMP 11.2020</subfield>
    <subfield code="p">R22511</subfield>
    <subfield code="r">2026-04-10 16:08:43</subfield>
    <subfield code="w">2026-04-10</subfield>
    <subfield code="y">RN</subfield>
  </datafield>
  <datafield tag="952" ind1=" " ind2=" ">
    <subfield code="0">0</subfield>
    <subfield code="1">0</subfield>
    <subfield code="4">0</subfield>
    <subfield code="7">0</subfield>
    <subfield code="a">BCEJYS</subfield>
    <subfield code="b">BCEJYS</subfield>
    <subfield code="c">17</subfield>
    <subfield code="d">2020-10-01</subfield>
    <subfield code="h">A&#xF1;o 6, N&#xB0; 10 - oct. 2020</subfield>
    <subfield code="l">0</subfield>
    <subfield code="o">H347.7 EMP 10.2020</subfield>
    <subfield code="p">R22494</subfield>
    <subfield code="r">2026-04-10 16:08:43</subfield>
    <subfield code="w">2026-04-10</subfield>
    <subfield code="y">RN</subfield>
  </datafield>
  <datafield tag="952" ind1=" " ind2=" ">
    <subfield code="0">0</subfield>
    <subfield code="1">0</subfield>
    <subfield code="4">0</subfield>
    <subfield code="7">0</subfield>
    <subfield code="a">BCEJYS</subfield>
    <subfield code="b">BCEJYS</subfield>
    <subfield code="c">17</subfield>
    <subfield code="d">2020-09-01</subfield>
    <subfield code="h">A&#xF1;o 6, N&#xB0; 9 - sep. 2020</subfield>
    <subfield code="l">0</subfield>
    <subfield code="o">H347.7 EMP 9.2020</subfield>
    <subfield code="p">R22450</subfield>
    <subfield code="r">2026-04-10 16:08:43</subfield>
    <subfield code="w">2026-04-10</subfield>
    <subfield code="y">RN</subfield>
  </datafield>
  <datafield tag="952" ind1=" " ind2=" ">
    <subfield code="0">0</subfield>
    <subfield code="1">0</subfield>
    <subfield code="4">0</subfield>
    <subfield code="7">0</subfield>
    <subfield code="a">BCEJYS</subfield>
    <subfield code="b">BCEJYS</subfield>
    <subfield code="c">17</subfield>
    <subfield code="d">2020-08-01</subfield>
    <subfield code="h">A&#xF1;o 6, N&#xB0; 8 - ago. 2020</subfield>
    <subfield code="l">0</subfield>
    <subfield code="o">H347.7 EMP 8.2020</subfield>
    <subfield code="p">R22437</subfield>
    <subfield code="r">2026-04-10 16:08:43</subfield>
    <subfield code="w">2026-04-10</subfield>
    <subfield code="y">RN</subfield>
  </datafield>
  <datafield tag="952" ind1=" " ind2=" ">
    <subfield code="0">0</subfield>
    <subfield code="1">0</subfield>
    <subfield code="4">0</subfield>
    <subfield code="7">0</subfield>
    <subfield code="a">BCEJYS</subfield>
    <subfield code="b">BCEJYS</subfield>
    <subfield code="c">17</subfield>
    <subfield code="d">2020-07-01</subfield>
    <subfield code="h">A&#xF1;o 6, N&#xB0; 7 - jul. 2020</subfield>
    <subfield code="l">0</subfield>
    <subfield code="o">H347.7 EMP 7.2020</subfield>
    <subfield code="p">R22436</subfield>
    <subfield code="r">2026-04-10 16:08:43</subfield>
    <subfield code="w">2026-04-10</subfield>
    <subfield code="y">RN</subfield>
  </datafield>
  <datafield tag="952" ind1=" " ind2=" ">
    <subfield code="0">0</subfield>
    <subfield code="1">0</subfield>
    <subfield code="4">0</subfield>
    <subfield code="7">0</subfield>
    <subfield code="a">BCEJYS</subfield>
    <subfield code="b">BCEJYS</subfield>
    <subfield code="c">17</subfield>
    <subfield code="d">2020-06-01</subfield>
    <subfield code="h">A&#xF1;o 6, N&#xB0; 6 - jun. 2020</subfield>
    <subfield code="l">0</subfield>
    <subfield code="o">H347.7 EMP 6.2020</subfield>
    <subfield code="p">R22398</subfield>
    <subfield code="r">2026-04-10 16:08:43</subfield>
    <subfield code="w">2026-04-10</subfield>
    <subfield code="y">RN</subfield>
  </datafield>
  <datafield tag="952" ind1=" " ind2=" ">
    <subfield code="0">0</subfield>
    <subfield code="1">0</subfield>
    <subfield code="4">0</subfield>
    <subfield code="7">0</subfield>
    <subfield code="a">BCEJYS</subfield>
    <subfield code="b">BCEJYS</subfield>
    <subfield code="c">17</subfield>
    <subfield code="d">2020-05-01</subfield>
    <subfield code="h">A&#xF1;o 6, N&#xB0; 5 - mayo 2020</subfield>
    <subfield code="l">0</subfield>
    <subfield code="o">H347.7 EMP 5.2020</subfield>
    <subfield code="p">R22397</subfield>
    <subfield code="r">2026-04-10 16:08:43</subfield>
    <subfield code="w">2026-04-10</subfield>
    <subfield code="y">RN</subfield>
  </datafield>
  <datafield tag="952" ind1=" " ind2=" ">
    <subfield code="0">0</subfield>
    <subfield code="1">0</subfield>
    <subfield code="4">0</subfield>
    <subfield code="7">0</subfield>
    <subfield code="a">BCEJYS</subfield>
    <subfield code="b">BCEJYS</subfield>
    <subfield code="c">17</subfield>
    <subfield code="d">2020-04-01</subfield>
    <subfield code="h">A&#xF1;o 6, N&#xB0; 4 - abr. 2020</subfield>
    <subfield code="l">0</subfield>
    <subfield code="o">H347.7 EMP 4.2020</subfield>
    <subfield code="p">R22396</subfield>
    <subfield code="r">2026-04-10 16:08:43</subfield>
    <subfield code="w">2026-04-10</subfield>
    <subfield code="y">RN</subfield>
  </datafield>
  <datafield tag="952" ind1=" " ind2=" ">
    <subfield code="0">0</subfield>
    <subfield code="1">0</subfield>
    <subfield code="4">0</subfield>
    <subfield code="7">0</subfield>
    <subfield code="a">BCEJYS</subfield>
    <subfield code="b">BCEJYS</subfield>
    <subfield code="c">17</subfield>
    <subfield code="d">2020-03-01</subfield>
    <subfield code="h">A&#xF1;o 6, N&#xB0; 3 - mar. 2020</subfield>
    <subfield code="l">0</subfield>
    <subfield code="o">H347.7 EMP 3.2020</subfield>
    <subfield code="p">R22389</subfield>
    <subfield code="r">2026-04-10 16:08:43</subfield>
    <subfield code="w">2026-04-10</subfield>
    <subfield code="y">RN</subfield>
  </datafield>
  <datafield tag="952" ind1=" " ind2=" ">
    <subfield code="0">0</subfield>
    <subfield code="1">0</subfield>
    <subfield code="4">0</subfield>
    <subfield code="7">0</subfield>
    <subfield code="a">BCEJYS</subfield>
    <subfield code="b">BCEJYS</subfield>
    <subfield code="c">17</subfield>
    <subfield code="d">2020-02-01</subfield>
    <subfield code="h">A&#xF1;o 6, N&#xB0; 2 - feb. 2020</subfield>
    <subfield code="l">0</subfield>
    <subfield code="o">H347.7 EMP 2.2020</subfield>
    <subfield code="p">R22375</subfield>
    <subfield code="r">2026-04-10 16:08:43</subfield>
    <subfield code="w">2026-04-10</subfield>
    <subfield code="y">RN</subfield>
  </datafield>
  <datafield tag="952" ind1=" " ind2=" ">
    <subfield code="0">0</subfield>
    <subfield code="1">0</subfield>
    <subfield code="4">0</subfield>
    <subfield code="7">0</subfield>
    <subfield code="a">BCEJYS</subfield>
    <subfield code="b">BCEJYS</subfield>
    <subfield code="c">17</subfield>
    <subfield code="d">2019-12-01</subfield>
    <subfield code="h">A&#xF1;o 5, N&#xB0; 12 - dic. 2019</subfield>
    <subfield code="l">0</subfield>
    <subfield code="o">H347.7 EMP 12.2019</subfield>
    <subfield code="p">R22347</subfield>
    <subfield code="r">2026-04-10 16:08:43</subfield>
    <subfield code="w">2026-04-10</subfield>
    <subfield code="y">RN</subfield>
  </datafield>
  <datafield tag="952" ind1=" " ind2=" ">
    <subfield code="0">0</subfield>
    <subfield code="1">0</subfield>
    <subfield code="4">0</subfield>
    <subfield code="7">0</subfield>
    <subfield code="a">BCEJYS</subfield>
    <subfield code="b">BCEJYS</subfield>
    <subfield code="c">17</subfield>
    <subfield code="d">2019-11-01</subfield>
    <subfield code="h">A&#xF1;o 5, N&#xB0; 11 - nov. 2019</subfield>
    <subfield code="l">0</subfield>
    <subfield code="o">H347.7 EMP 11.2019</subfield>
    <subfield code="p">R22328</subfield>
    <subfield code="r">2026-04-10 16:08:43</subfield>
    <subfield code="w">2026-04-10</subfield>
    <subfield code="y">RN</subfield>
  </datafield>
  <datafield tag="952" ind1=" " ind2=" ">
    <subfield code="0">0</subfield>
    <subfield code="1">0</subfield>
    <subfield code="4">0</subfield>
    <subfield code="7">0</subfield>
    <subfield code="a">BCEJYS</subfield>
    <subfield code="b">BCEJYS</subfield>
    <subfield code="c">17</subfield>
    <subfield code="d">2019-10-01</subfield>
    <subfield code="h">A&#xF1;o 5, N&#xB0; 10 - oct. 2019</subfield>
    <subfield code="l">0</subfield>
    <subfield code="o">H347.7 EMP 10.2019</subfield>
    <subfield code="p">R22292</subfield>
    <subfield code="r">2026-04-10 16:08:43</subfield>
    <subfield code="w">2026-04-10</subfield>
    <subfield code="y">RN</subfield>
  </datafield>
  <datafield tag="952" ind1=" " ind2=" ">
    <subfield code="0">0</subfield>
    <subfield code="1">0</subfield>
    <subfield code="4">0</subfield>
    <subfield code="7">0</subfield>
    <subfield code="a">BCEJYS</subfield>
    <subfield code="b">BCEJYS</subfield>
    <subfield code="c">17</subfield>
    <subfield code="d">2019-09-01</subfield>
    <subfield code="h">A&#xF1;o 5, N&#xB0; 9 - ago. 2019</subfield>
    <subfield code="l">0</subfield>
    <subfield code="o">H347.7 EMP 9.2019</subfield>
    <subfield code="p">R22275</subfield>
    <subfield code="r">2026-04-10 16:08:43</subfield>
    <subfield code="w">2026-04-10</subfield>
    <subfield code="y">RN</subfield>
  </datafield>
  <datafield tag="952" ind1=" " ind2=" ">
    <subfield code="0">0</subfield>
    <subfield code="1">0</subfield>
    <subfield code="4">0</subfield>
    <subfield code="7">0</subfield>
    <subfield code="a">BCEJYS</subfield>
    <subfield code="b">BCEJYS</subfield>
    <subfield code="c">17</subfield>
    <subfield code="d">2019-08-01</subfield>
    <subfield code="h">A&#xF1;o 5, N&#xB0; 8 - ago. 2019</subfield>
    <subfield code="l">0</subfield>
    <subfield code="o">H347.7 EMP 8.2019</subfield>
    <subfield code="p">R22259</subfield>
    <subfield code="r">2026-04-10 16:08:43</subfield>
    <subfield code="w">2026-04-10</subfield>
    <subfield code="y">RN</subfield>
  </datafield>
  <datafield tag="952" ind1=" " ind2=" ">
    <subfield code="0">0</subfield>
    <subfield code="1">0</subfield>
    <subfield code="4">0</subfield>
    <subfield code="7">0</subfield>
    <subfield code="a">BCEJYS</subfield>
    <subfield code="b">BCEJYS</subfield>
    <subfield code="c">17</subfield>
    <subfield code="d">2019-07-01</subfield>
    <subfield code="h">A&#xF1;o 5, N&#xB0; 7 - jul. 2019</subfield>
    <subfield code="l">0</subfield>
    <subfield code="o">H347.7 EMP 7.2019</subfield>
    <subfield code="p">R22235</subfield>
    <subfield code="r">2026-04-10 16:08:43</subfield>
    <subfield code="w">2026-04-10</subfield>
    <subfield code="y">RN</subfield>
  </datafield>
  <datafield tag="952" ind1=" " ind2=" ">
    <subfield code="0">0</subfield>
    <subfield code="1">0</subfield>
    <subfield code="4">0</subfield>
    <subfield code="7">0</subfield>
    <subfield code="a">BCEJYS</subfield>
    <subfield code="b">BCEJYS</subfield>
    <subfield code="c">17</subfield>
    <subfield code="d">2019-06-01</subfield>
    <subfield code="h">A&#xF1;o 5, N&#xB0; 6 - jun. 2019</subfield>
    <subfield code="l">0</subfield>
    <subfield code="o">H347.7 EMP 6.2019</subfield>
    <subfield code="p">R22205</subfield>
    <subfield code="r">2026-04-10 16:08:43</subfield>
    <subfield code="w">2026-04-10</subfield>
    <subfield code="y">RN</subfield>
  </datafield>
  <datafield tag="952" ind1=" " ind2=" ">
    <subfield code="0">0</subfield>
    <subfield code="1">0</subfield>
    <subfield code="4">0</subfield>
    <subfield code="7">0</subfield>
    <subfield code="a">BCEJYS</subfield>
    <subfield code="b">BCEJYS</subfield>
    <subfield code="c">17</subfield>
    <subfield code="d">2019-05-01</subfield>
    <subfield code="h">A&#xF1;o 5, N&#xB0; 5 - mayo 2019</subfield>
    <subfield code="l">0</subfield>
    <subfield code="o">H347.7 EMP 5.2019</subfield>
    <subfield code="p">R22208</subfield>
    <subfield code="r">2026-04-10 16:08:43</subfield>
    <subfield code="w">2026-04-10</subfield>
    <subfield code="y">RN</subfield>
  </datafield>
  <datafield tag="952" ind1=" " ind2=" ">
    <subfield code="0">0</subfield>
    <subfield code="1">0</subfield>
    <subfield code="4">0</subfield>
    <subfield code="7">0</subfield>
    <subfield code="a">BCEJYS</subfield>
    <subfield code="b">BCEJYS</subfield>
    <subfield code="c">17</subfield>
    <subfield code="d">2019-04-01</subfield>
    <subfield code="h">A&#xF1;o 5, N&#xB0; 4 - abr. 2019</subfield>
    <subfield code="l">0</subfield>
    <subfield code="o">H347.7 EMP 4.2019</subfield>
    <subfield code="p">R22177</subfield>
    <subfield code="r">2026-04-10 16:08:43</subfield>
    <subfield code="w">2026-04-10</subfield>
    <subfield code="y">RN</subfield>
  </datafield>
  <datafield tag="952" ind1=" " ind2=" ">
    <subfield code="0">0</subfield>
    <subfield code="1">0</subfield>
    <subfield code="4">0</subfield>
    <subfield code="7">0</subfield>
    <subfield code="a">BCEJYS</subfield>
    <subfield code="b">BCEJYS</subfield>
    <subfield code="c">17</subfield>
    <subfield code="d">2019-03-01</subfield>
    <subfield code="h">A&#xF1;o 5, N&#xB0; 3 - mar. 2019</subfield>
    <subfield code="l">0</subfield>
    <subfield code="o">H347.7 EMP 3.2019</subfield>
    <subfield code="p">R22155</subfield>
    <subfield code="r">2026-04-10 16:08:43</subfield>
    <subfield code="w">2026-04-10</subfield>
    <subfield code="y">RN</subfield>
  </datafield>
  <datafield tag="952" ind1=" " ind2=" ">
    <subfield code="0">0</subfield>
    <subfield code="1">0</subfield>
    <subfield code="4">0</subfield>
    <subfield code="7">0</subfield>
    <subfield code="a">BCEJYS</subfield>
    <subfield code="b">BCEJYS</subfield>
    <subfield code="c">17</subfield>
    <subfield code="d">2019-02-01</subfield>
    <subfield code="h">A&#xF1;o 5, N&#xB0; 2 - feb. 2019</subfield>
    <subfield code="l">0</subfield>
    <subfield code="o">H347.7 EMP 2.2019</subfield>
    <subfield code="p">R22124</subfield>
    <subfield code="r">2026-04-10 16:08:43</subfield>
    <subfield code="w">2026-04-10</subfield>
    <subfield code="y">RN</subfield>
  </datafield>
  <datafield tag="952" ind1=" " ind2=" ">
    <subfield code="0">0</subfield>
    <subfield code="1">0</subfield>
    <subfield code="4">0</subfield>
    <subfield code="7">0</subfield>
    <subfield code="a">BCEJYS</subfield>
    <subfield code="b">BCEJYS</subfield>
    <subfield code="c">17</subfield>
    <subfield code="d">2018-12-01</subfield>
    <subfield code="h">A&#xF1;o 4, N&#xB0; 12 - dic. 2018</subfield>
    <subfield code="l">0</subfield>
    <subfield code="o">H347.7 EMP 12.2018</subfield>
    <subfield code="p">R22078</subfield>
    <subfield code="r">2026-04-10 16:08:43</subfield>
    <subfield code="w">2026-04-10</subfield>
    <subfield code="y">RN</subfield>
  </datafield>
  <datafield tag="952" ind1=" " ind2=" ">
    <subfield code="0">0</subfield>
    <subfield code="1">0</subfield>
    <subfield code="4">0</subfield>
    <subfield code="7">0</subfield>
    <subfield code="a">BCEJYS</subfield>
    <subfield code="b">BCEJYS</subfield>
    <subfield code="c">17</subfield>
    <subfield code="d">2018-11-01</subfield>
    <subfield code="h">A&#xF1;o 4, N&#xB0; 11 - nov. 2018</subfield>
    <subfield code="l">0</subfield>
    <subfield code="o">H347.7 EMP 11.2018</subfield>
    <subfield code="p">R22054</subfield>
    <subfield code="r">2026-04-10 16:08:43</subfield>
    <subfield code="w">2026-04-10</subfield>
    <subfield code="y">RN</subfield>
  </datafield>
  <datafield tag="952" ind1=" " ind2=" ">
    <subfield code="0">0</subfield>
    <subfield code="1">0</subfield>
    <subfield code="4">0</subfield>
    <subfield code="7">0</subfield>
    <subfield code="a">BCEJYS</subfield>
    <subfield code="b">BCEJYS</subfield>
    <subfield code="c">17</subfield>
    <subfield code="d">2018-10-01</subfield>
    <subfield code="h">A&#xF1;o 4, N&#xB0; 10 - oct. 2018</subfield>
    <subfield code="l">0</subfield>
    <subfield code="o">H347.7 EMP 10.2018</subfield>
    <subfield code="p">R22025</subfield>
    <subfield code="r">2026-04-10 16:08:43</subfield>
    <subfield code="w">2026-04-10</subfield>
    <subfield code="y">RN</subfield>
  </datafield>
  <datafield tag="952" ind1=" " ind2=" ">
    <subfield code="0">0</subfield>
    <subfield code="1">0</subfield>
    <subfield code="4">0</subfield>
    <subfield code="7">0</subfield>
    <subfield code="a">BCEJYS</subfield>
    <subfield code="b">BCEJYS</subfield>
    <subfield code="c">17</subfield>
    <subfield code="d">2018-09-01</subfield>
    <subfield code="h">A&#xF1;o 4, N&#xB0; 9 - sep. 2018</subfield>
    <subfield code="l">0</subfield>
    <subfield code="o">H347.7 EMP 9.2018</subfield>
    <subfield code="p">R21991</subfield>
    <subfield code="r">2026-04-10 16:08:43</subfield>
    <subfield code="w">2026-04-10</subfield>
    <subfield code="y">RN</subfield>
  </datafield>
  <datafield tag="952" ind1=" " ind2=" ">
    <subfield code="0">0</subfield>
    <subfield code="1">0</subfield>
    <subfield code="4">0</subfield>
    <subfield code="7">0</subfield>
    <subfield code="a">BCEJYS</subfield>
    <subfield code="b">BCEJYS</subfield>
    <subfield code="c">17</subfield>
    <subfield code="d">2018-08-01</subfield>
    <subfield code="h">A&#xF1;o 4, N&#xB0; 8 - ago. 2018</subfield>
    <subfield code="l">0</subfield>
    <subfield code="o">H347.7 EMP 8.2018</subfield>
    <subfield code="p">R21970</subfield>
    <subfield code="r">2026-04-10 16:08:43</subfield>
    <subfield code="w">2026-04-10</subfield>
    <subfield code="y">RN</subfield>
  </datafield>
  <datafield tag="952" ind1=" " ind2=" ">
    <subfield code="0">0</subfield>
    <subfield code="1">0</subfield>
    <subfield code="4">0</subfield>
    <subfield code="7">0</subfield>
    <subfield code="a">BCEJYS</subfield>
    <subfield code="b">BCEJYS</subfield>
    <subfield code="c">17</subfield>
    <subfield code="d">2018-07-01</subfield>
    <subfield code="h">A&#xF1;o 4, N&#xB0; 7 - jul. 2018</subfield>
    <subfield code="l">0</subfield>
    <subfield code="o">H347.7 EMP 7.2018</subfield>
    <subfield code="p">R21913</subfield>
    <subfield code="r">2026-04-10 16:08:43</subfield>
    <subfield code="w">2026-04-10</subfield>
    <subfield code="y">RN</subfield>
  </datafield>
  <datafield tag="952" ind1=" " ind2=" ">
    <subfield code="0">0</subfield>
    <subfield code="1">0</subfield>
    <subfield code="4">0</subfield>
    <subfield code="7">0</subfield>
    <subfield code="a">BCEJYS</subfield>
    <subfield code="b">BCEJYS</subfield>
    <subfield code="c">17</subfield>
    <subfield code="d">2018-06-01</subfield>
    <subfield code="h">A&#xF1;o 4, N&#xB0; 6 - jun. 2018</subfield>
    <subfield code="l">0</subfield>
    <subfield code="o">H347.7 EMP 6.2018</subfield>
    <subfield code="p">R21896</subfield>
    <subfield code="r">2026-04-10 16:08:43</subfield>
    <subfield code="w">2026-04-10</subfield>
    <subfield code="y">RN</subfield>
  </datafield>
  <datafield tag="952" ind1=" " ind2=" ">
    <subfield code="0">0</subfield>
    <subfield code="1">0</subfield>
    <subfield code="4">0</subfield>
    <subfield code="7">0</subfield>
    <subfield code="a">BCEJYS</subfield>
    <subfield code="b">BCEJYS</subfield>
    <subfield code="c">17</subfield>
    <subfield code="d">2018-05-01</subfield>
    <subfield code="h">A&#xF1;o 4, N&#xB0; 5 - mayo 2018</subfield>
    <subfield code="l">0</subfield>
    <subfield code="o">H347.7 EMP 5.2018</subfield>
    <subfield code="p">R21877</subfield>
    <subfield code="r">2026-04-10 16:08:43</subfield>
    <subfield code="w">2026-04-10</subfield>
    <subfield code="y">RN</subfield>
  </datafield>
  <datafield tag="952" ind1=" " ind2=" ">
    <subfield code="0">0</subfield>
    <subfield code="1">0</subfield>
    <subfield code="4">0</subfield>
    <subfield code="7">0</subfield>
    <subfield code="a">BCEJYS</subfield>
    <subfield code="b">BCEJYS</subfield>
    <subfield code="c">17</subfield>
    <subfield code="d">2018-04-01</subfield>
    <subfield code="h">A&#xF1;o 4, N&#xB0; 4 - abr. 2018</subfield>
    <subfield code="l">0</subfield>
    <subfield code="o">H347.7 EMP 4.2018</subfield>
    <subfield code="p">R21868</subfield>
    <subfield code="r">2026-04-10 16:08:43</subfield>
    <subfield code="w">2026-04-10</subfield>
    <subfield code="y">RN</subfield>
  </datafield>
  <datafield tag="952" ind1=" " ind2=" ">
    <subfield code="0">0</subfield>
    <subfield code="1">0</subfield>
    <subfield code="4">0</subfield>
    <subfield code="7">0</subfield>
    <subfield code="a">BCEJYS</subfield>
    <subfield code="b">BCEJYS</subfield>
    <subfield code="c">17</subfield>
    <subfield code="d">2018-03-01</subfield>
    <subfield code="h">A&#xF1;o 4, N&#xB0; 3 - mar. 2018</subfield>
    <subfield code="l">0</subfield>
    <subfield code="o">H347.7 EMP 3.2018</subfield>
    <subfield code="p">R21887</subfield>
    <subfield code="r">2026-04-10 16:08:43</subfield>
    <subfield code="w">2026-04-10</subfield>
    <subfield code="y">RN</subfield>
  </datafield>
  <datafield tag="952" ind1=" " ind2=" ">
    <subfield code="0">0</subfield>
    <subfield code="1">0</subfield>
    <subfield code="4">0</subfield>
    <subfield code="7">0</subfield>
    <subfield code="a">BCEJYS</subfield>
    <subfield code="b">BCEJYS</subfield>
    <subfield code="c">17</subfield>
    <subfield code="d">2018-02-01</subfield>
    <subfield code="h">A&#xF1;o 4, N&#xBA; 2 - feb. 2018</subfield>
    <subfield code="l">0</subfield>
    <subfield code="o">H347.7 EMP 2.2018</subfield>
    <subfield code="p">R21779</subfield>
    <subfield code="r">2026-04-10 16:08:43</subfield>
    <subfield code="w">2026-04-10</subfield>
    <subfield code="y">RN</subfield>
  </datafield>
  <datafield tag="952" ind1=" " ind2=" ">
    <subfield code="0">0</subfield>
    <subfield code="1">0</subfield>
    <subfield code="4">0</subfield>
    <subfield code="7">0</subfield>
    <subfield code="a">BCEJYS</subfield>
    <subfield code="b">BCEJYS</subfield>
    <subfield code="c">17</subfield>
    <subfield code="d">2017-12-01</subfield>
    <subfield code="h">A&#xF1;o 3, N&#xBA; 12 - dic. 2017</subfield>
    <subfield code="l">0</subfield>
    <subfield code="o">H347.7 EMP 12.2017</subfield>
    <subfield code="p">R21729</subfield>
    <subfield code="r">2026-04-10 16:08:43</subfield>
    <subfield code="w">2026-04-10</subfield>
    <subfield code="y">RN</subfield>
  </datafield>
  <datafield tag="952" ind1=" " ind2=" ">
    <subfield code="0">0</subfield>
    <subfield code="1">0</subfield>
    <subfield code="4">0</subfield>
    <subfield code="7">0</subfield>
    <subfield code="a">BCEJYS</subfield>
    <subfield code="b">BCEJYS</subfield>
    <subfield code="c">17</subfield>
    <subfield code="d">2017-11-01</subfield>
    <subfield code="h">A&#xF1;o 3, N&#xBA; 11 - nov. 2017</subfield>
    <subfield code="l">0</subfield>
    <subfield code="o">H347.7 EMP 11.2017</subfield>
    <subfield code="p">R21577</subfield>
    <subfield code="r">2026-04-10 16:08:43</subfield>
    <subfield code="w">2026-04-10</subfield>
    <subfield code="y">RN</subfield>
  </datafield>
  <datafield tag="952" ind1=" " ind2=" ">
    <subfield code="0">0</subfield>
    <subfield code="1">0</subfield>
    <subfield code="4">0</subfield>
    <subfield code="7">0</subfield>
    <subfield code="a">BCEJYS</subfield>
    <subfield code="b">BCEJYS</subfield>
    <subfield code="c">17</subfield>
    <subfield code="d">2017-10-01</subfield>
    <subfield code="h">A&#xF1;o 3, N&#xBA; 10 - oct. 2017</subfield>
    <subfield code="l">0</subfield>
    <subfield code="o">H347.7 EMP 10.2017</subfield>
    <subfield code="p">R21453</subfield>
    <subfield code="r">2026-04-10 16:08:43</subfield>
    <subfield code="w">2026-04-10</subfield>
    <subfield code="y">RN</subfield>
  </datafield>
  <datafield tag="952" ind1=" " ind2=" ">
    <subfield code="0">0</subfield>
    <subfield code="1">0</subfield>
    <subfield code="4">0</subfield>
    <subfield code="7">0</subfield>
    <subfield code="a">BCEJYS</subfield>
    <subfield code="b">BCEJYS</subfield>
    <subfield code="c">17</subfield>
    <subfield code="d">2017-09-01</subfield>
    <subfield code="h">A&#xF1;o 3, N&#xBA; 9 - sep. 2017</subfield>
    <subfield code="l">0</subfield>
    <subfield code="o">H347.7 EMP 9.2017</subfield>
    <subfield code="p">R21391</subfield>
    <subfield code="r">2026-04-10 16:08:43</subfield>
    <subfield code="w">2026-04-10</subfield>
    <subfield code="y">RN</subfield>
  </datafield>
  <datafield tag="952" ind1=" " ind2=" ">
    <subfield code="0">0</subfield>
    <subfield code="1">0</subfield>
    <subfield code="4">0</subfield>
    <subfield code="7">0</subfield>
    <subfield code="a">BCEJYS</subfield>
    <subfield code="b">BCEJYS</subfield>
    <subfield code="c">17</subfield>
    <subfield code="d">2017-08-01</subfield>
    <subfield code="h">A&#xF1;o 3, N&#xBA; 8 - ago. 2017</subfield>
    <subfield code="l">0</subfield>
    <subfield code="o">H347.7 EMP 8.2017</subfield>
    <subfield code="p">R21200</subfield>
    <subfield code="r">2026-04-10 16:08:43</subfield>
    <subfield code="w">2026-04-10</subfield>
    <subfield code="y">RN</subfield>
  </datafield>
  <datafield tag="952" ind1=" " ind2=" ">
    <subfield code="0">0</subfield>
    <subfield code="1">0</subfield>
    <subfield code="4">0</subfield>
    <subfield code="7">0</subfield>
    <subfield code="a">BCEJYS</subfield>
    <subfield code="b">BCEJYS</subfield>
    <subfield code="c">17</subfield>
    <subfield code="d">2017-07-01</subfield>
    <subfield code="h">A&#xF1;o 3, N&#xBA; 7 - jul. 2017</subfield>
    <subfield code="l">0</subfield>
    <subfield code="o">H347.7 EMP 7.2017</subfield>
    <subfield code="p">R20803</subfield>
    <subfield code="r">2026-04-10 16:08:43</subfield>
    <subfield code="w">2026-04-10</subfield>
    <subfield code="y">RN</subfield>
  </datafield>
  <datafield tag="952" ind1=" " ind2=" ">
    <subfield code="0">0</subfield>
    <subfield code="1">0</subfield>
    <subfield code="4">0</subfield>
    <subfield code="7">0</subfield>
    <subfield code="a">BCEJYS</subfield>
    <subfield code="b">BCEJYS</subfield>
    <subfield code="c">17</subfield>
    <subfield code="d">2017-06-01</subfield>
    <subfield code="h">A&#xF1;o 3, N&#xBA; 6 - jun. 2017</subfield>
    <subfield code="l">0</subfield>
    <subfield code="o">H347.7 EMP 6.2017</subfield>
    <subfield code="p">R20780</subfield>
    <subfield code="r">2026-04-10 16:08:43</subfield>
    <subfield code="w">2026-04-10</subfield>
    <subfield code="y">RN</subfield>
  </datafield>
  <datafield tag="952" ind1=" " ind2=" ">
    <subfield code="0">0</subfield>
    <subfield code="1">0</subfield>
    <subfield code="4">0</subfield>
    <subfield code="7">0</subfield>
    <subfield code="a">BCEJYS</subfield>
    <subfield code="b">BCEJYS</subfield>
    <subfield code="c">17</subfield>
    <subfield code="d">2017-05-01</subfield>
    <subfield code="h">A&#xF1;o 3, N&#xBA; 5 - mayo 2017</subfield>
    <subfield code="l">0</subfield>
    <subfield code="o">H347.7 EMP 5.2017</subfield>
    <subfield code="p">R20747</subfield>
    <subfield code="r">2026-04-10 16:08:43</subfield>
    <subfield code="w">2026-04-10</subfield>
    <subfield code="y">RN</subfield>
  </datafield>
  <datafield tag="952" ind1=" " ind2=" ">
    <subfield code="0">0</subfield>
    <subfield code="1">0</subfield>
    <subfield code="4">0</subfield>
    <subfield code="7">0</subfield>
    <subfield code="a">BCEJYS</subfield>
    <subfield code="b">BCEJYS</subfield>
    <subfield code="c">17</subfield>
    <subfield code="d">2017-04-01</subfield>
    <subfield code="h">A&#xF1;o 3, N&#xBA; 4 - abr. 2017</subfield>
    <subfield code="l">0</subfield>
    <subfield code="o">H347.7 EMP 4.2017</subfield>
    <subfield code="p">R20745</subfield>
    <subfield code="r">2026-04-10 16:08:43</subfield>
    <subfield code="w">2026-04-10</subfield>
    <subfield code="y">RN</subfield>
  </datafield>
  <datafield tag="952" ind1=" " ind2=" ">
    <subfield code="0">0</subfield>
    <subfield code="1">0</subfield>
    <subfield code="4">0</subfield>
    <subfield code="7">0</subfield>
    <subfield code="a">BCEJYS</subfield>
    <subfield code="b">BCEJYS</subfield>
    <subfield code="c">17</subfield>
    <subfield code="d">2017-03-01</subfield>
    <subfield code="h">A&#xF1;o 3, N&#xBA; 3 - mar. 2017</subfield>
    <subfield code="l">0</subfield>
    <subfield code="o">H347.7 EMP 3.2017</subfield>
    <subfield code="p">R20689</subfield>
    <subfield code="r">2026-04-10 16:08:43</subfield>
    <subfield code="w">2026-04-10</subfield>
    <subfield code="y">RN</subfield>
  </datafield>
  <datafield tag="952" ind1=" " ind2=" ">
    <subfield code="0">0</subfield>
    <subfield code="1">0</subfield>
    <subfield code="4">0</subfield>
    <subfield code="7">0</subfield>
    <subfield code="a">BCEJYS</subfield>
    <subfield code="b">BCEJYS</subfield>
    <subfield code="c">17</subfield>
    <subfield code="d">2017-02-01</subfield>
    <subfield code="h">A&#xF1;o 3, N&#xBA; 2 - feb. 2017</subfield>
    <subfield code="l">0</subfield>
    <subfield code="o">H347.7 EMP 2.2017</subfield>
    <subfield code="p">R20673</subfield>
    <subfield code="r">2026-04-10 16:08:43</subfield>
    <subfield code="w">2026-04-10</subfield>
    <subfield code="y">RN</subfield>
  </datafield>
  <datafield tag="952" ind1=" " ind2=" ">
    <subfield code="0">0</subfield>
    <subfield code="1">0</subfield>
    <subfield code="4">0</subfield>
    <subfield code="7">0</subfield>
    <subfield code="a">BCEJYS</subfield>
    <subfield code="b">BCEJYS</subfield>
    <subfield code="c">17</subfield>
    <subfield code="d">2016-12-01</subfield>
    <subfield code="h">A&#xF1;o 2, N&#xBA; 12 - dic. 2016</subfield>
    <subfield code="l">0</subfield>
    <subfield code="o">H347.7 EMP 12.2016</subfield>
    <subfield code="p">R20636</subfield>
    <subfield code="r">2026-04-10 16:08:43</subfield>
    <subfield code="w">2026-04-10</subfield>
    <subfield code="y">RN</subfield>
  </datafield>
  <datafield tag="952" ind1=" " ind2=" ">
    <subfield code="0">0</subfield>
    <subfield code="1">0</subfield>
    <subfield code="4">0</subfield>
    <subfield code="7">0</subfield>
    <subfield code="a">BCEJYS</subfield>
    <subfield code="b">BCEJYS</subfield>
    <subfield code="c">17</subfield>
    <subfield code="d">2016-11-01</subfield>
    <subfield code="h">A&#xF1;o 2, N&#xBA; 11 - nov. 2016</subfield>
    <subfield code="l">0</subfield>
    <subfield code="o">H347.7 EMP 11.2016</subfield>
    <subfield code="p">R20591</subfield>
    <subfield code="r">2026-04-10 16:08:43</subfield>
    <subfield code="w">2026-04-10</subfield>
    <subfield code="y">RN</subfield>
  </datafield>
  <datafield tag="952" ind1=" " ind2=" ">
    <subfield code="0">0</subfield>
    <subfield code="1">0</subfield>
    <subfield code="4">0</subfield>
    <subfield code="7">0</subfield>
    <subfield code="a">BCEJYS</subfield>
    <subfield code="b">BCEJYS</subfield>
    <subfield code="c">17</subfield>
    <subfield code="d">2016-10-01</subfield>
    <subfield code="h">A&#xF1;o 2, N&#xBA; 10 - oct. 2016</subfield>
    <subfield code="l">0</subfield>
    <subfield code="o">H347.7 EMP 10.2016</subfield>
    <subfield code="p">R20578</subfield>
    <subfield code="r">2026-04-10 16:08:43</subfield>
    <subfield code="w">2026-04-10</subfield>
    <subfield code="y">RN</subfield>
  </datafield>
  <datafield tag="952" ind1=" " ind2=" ">
    <subfield code="0">0</subfield>
    <subfield code="1">0</subfield>
    <subfield code="4">0</subfield>
    <subfield code="7">0</subfield>
    <subfield code="a">BCEJYS</subfield>
    <subfield code="b">BCEJYS</subfield>
    <subfield code="c">17</subfield>
    <subfield code="d">2016-09-01</subfield>
    <subfield code="h">A&#xF1;o 2, N&#xBA; 9 - sep. 2016</subfield>
    <subfield code="l">0</subfield>
    <subfield code="o">H347.7 EMP 9.2016</subfield>
    <subfield code="p">R20501</subfield>
    <subfield code="r">2026-04-10 16:08:43</subfield>
    <subfield code="w">2026-04-10</subfield>
    <subfield code="y">RN</subfield>
  </datafield>
  <datafield tag="952" ind1=" " ind2=" ">
    <subfield code="0">0</subfield>
    <subfield code="1">0</subfield>
    <subfield code="4">0</subfield>
    <subfield code="7">0</subfield>
    <subfield code="a">BCEJYS</subfield>
    <subfield code="b">BCEJYS</subfield>
    <subfield code="c">17</subfield>
    <subfield code="d">2016-08-01</subfield>
    <subfield code="h">A&#xF1;o 2, N&#xBA; 8 - ago. 2016</subfield>
    <subfield code="l">0</subfield>
    <subfield code="o">H347.7 EMP 8.2016</subfield>
    <subfield code="p">R20475</subfield>
    <subfield code="r">2026-04-10 16:08:43</subfield>
    <subfield code="w">2026-04-10</subfield>
    <subfield code="y">RN</subfield>
  </datafield>
  <datafield tag="952" ind1=" " ind2=" ">
    <subfield code="0">0</subfield>
    <subfield code="1">0</subfield>
    <subfield code="4">0</subfield>
    <subfield code="7">0</subfield>
    <subfield code="a">BCEJYS</subfield>
    <subfield code="b">BCEJYS</subfield>
    <subfield code="c">17</subfield>
    <subfield code="d">2016-07-01</subfield>
    <subfield code="h">A&#xF1;o 2, N&#xBA; 7 - jul. 2016</subfield>
    <subfield code="l">0</subfield>
    <subfield code="o">H347.7 EMP 7.2016</subfield>
    <subfield code="p">R20379</subfield>
    <subfield code="r">2026-04-10 16:08:43</subfield>
    <subfield code="w">2026-04-10</subfield>
    <subfield code="y">RN</subfield>
  </datafield>
  <datafield tag="952" ind1=" " ind2=" ">
    <subfield code="0">0</subfield>
    <subfield code="1">0</subfield>
    <subfield code="4">0</subfield>
    <subfield code="7">0</subfield>
    <subfield code="a">BCEJYS</subfield>
    <subfield code="b">BCEJYS</subfield>
    <subfield code="c">17</subfield>
    <subfield code="d">2016-06-01</subfield>
    <subfield code="h">A&#xF1;o 2, N&#xBA; 6 - jun. 2016</subfield>
    <subfield code="l">0</subfield>
    <subfield code="o">H347.7 EMP 6.2016</subfield>
    <subfield code="p">R20325</subfield>
    <subfield code="r">2026-04-10 16:08:43</subfield>
    <subfield code="w">2026-04-10</subfield>
    <subfield code="y">RN</subfield>
  </datafield>
  <datafield tag="952" ind1=" " ind2=" ">
    <subfield code="0">0</subfield>
    <subfield code="1">0</subfield>
    <subfield code="4">0</subfield>
    <subfield code="7">0</subfield>
    <subfield code="a">BCEJYS</subfield>
    <subfield code="b">BCEJYS</subfield>
    <subfield code="c">17</subfield>
    <subfield code="d">2016-05-01</subfield>
    <subfield code="h">A&#xF1;o 2, N&#xBA; 5 - mayo 2016</subfield>
    <subfield code="l">0</subfield>
    <subfield code="o">H347.7 EMP 5.2016</subfield>
    <subfield code="p">R19911</subfield>
    <subfield code="r">2026-04-10 16:08:43</subfield>
    <subfield code="w">2026-04-10</subfield>
    <subfield code="y">RN</subfield>
  </datafield>
  <datafield tag="952" ind1=" " ind2=" ">
    <subfield code="0">0</subfield>
    <subfield code="1">0</subfield>
    <subfield code="4">0</subfield>
    <subfield code="7">0</subfield>
    <subfield code="a">BCEJYS</subfield>
    <subfield code="b">BCEJYS</subfield>
    <subfield code="c">17</subfield>
    <subfield code="d">2016-04-01</subfield>
    <subfield code="h">A&#xF1;o 2, N&#xBA; 4 - abr. 2016</subfield>
    <subfield code="l">0</subfield>
    <subfield code="o">H347.7 EMP 4.2016</subfield>
    <subfield code="p">R19775</subfield>
    <subfield code="r">2026-04-10 16:08:43</subfield>
    <subfield code="w">2026-04-10</subfield>
    <subfield code="y">RN</subfield>
  </datafield>
  <datafield tag="952" ind1=" " ind2=" ">
    <subfield code="0">0</subfield>
    <subfield code="1">0</subfield>
    <subfield code="4">0</subfield>
    <subfield code="7">0</subfield>
    <subfield code="a">BCEJYS</subfield>
    <subfield code="b">BCEJYS</subfield>
    <subfield code="c">17</subfield>
    <subfield code="d">2016-03-01</subfield>
    <subfield code="h">A&#xF1;o 2, N&#xBA; 3 - mar. 2016</subfield>
    <subfield code="l">0</subfield>
    <subfield code="o">H347.7 EMP 3.2016</subfield>
    <subfield code="p">R19774</subfield>
    <subfield code="r">2026-04-10 16:08:43</subfield>
    <subfield code="w">2026-04-10</subfield>
    <subfield code="y">RN</subfield>
  </datafield>
  <datafield tag="952" ind1=" " ind2=" ">
    <subfield code="0">0</subfield>
    <subfield code="1">0</subfield>
    <subfield code="4">0</subfield>
    <subfield code="7">0</subfield>
    <subfield code="a">BCEJYS</subfield>
    <subfield code="b">BCEJYS</subfield>
    <subfield code="c">17</subfield>
    <subfield code="d">2016-02-01</subfield>
    <subfield code="h">A&#xF1;o 2, N&#xBA; 2 - feb. 2016</subfield>
    <subfield code="l">0</subfield>
    <subfield code="o">H347.7 EMP 2.2016</subfield>
    <subfield code="p">R19011</subfield>
    <subfield code="r">2026-04-10 16:08:43</subfield>
    <subfield code="w">2026-04-10</subfield>
    <subfield code="y">RN</subfield>
  </datafield>
  <datafield tag="952" ind1=" " ind2=" ">
    <subfield code="0">0</subfield>
    <subfield code="1">0</subfield>
    <subfield code="4">0</subfield>
    <subfield code="7">0</subfield>
    <subfield code="a">BCEJYS</subfield>
    <subfield code="b">BCEJYS</subfield>
    <subfield code="c">17</subfield>
    <subfield code="d">2015-12-01</subfield>
    <subfield code="h">A&#xF1;o 1, N&#xBA; 12 - dic. 2015</subfield>
    <subfield code="l">0</subfield>
    <subfield code="o">H347.7 EMP 12.2015</subfield>
    <subfield code="p">R17778</subfield>
    <subfield code="r">2026-04-10 16:08:43</subfield>
    <subfield code="w">2026-04-10</subfield>
    <subfield code="y">RN</subfield>
  </datafield>
  <datafield tag="952" ind1=" " ind2=" ">
    <subfield code="0">0</subfield>
    <subfield code="1">0</subfield>
    <subfield code="4">0</subfield>
    <subfield code="7">0</subfield>
    <subfield code="a">BCEJYS</subfield>
    <subfield code="b">BCEJYS</subfield>
    <subfield code="c">17</subfield>
    <subfield code="d">2015-11-01</subfield>
    <subfield code="h">A&#xF1;o 1, N&#xBA; 11 - nov. 2015</subfield>
    <subfield code="l">0</subfield>
    <subfield code="o">H347.7 EMP 11.2015</subfield>
    <subfield code="p">R17557</subfield>
    <subfield code="r">2026-04-10 16:08:43</subfield>
    <subfield code="w">2026-04-10</subfield>
    <subfield code="y">RN</subfield>
  </datafield>
  <datafield tag="952" ind1=" " ind2=" ">
    <subfield code="0">0</subfield>
    <subfield code="1">0</subfield>
    <subfield code="4">0</subfield>
    <subfield code="7">0</subfield>
    <subfield code="a">BCEJYS</subfield>
    <subfield code="b">BCEJYS</subfield>
    <subfield code="c">17</subfield>
    <subfield code="d">2015-10-01</subfield>
    <subfield code="h">A&#xF1;o 1, N&#xBA; 10 - oct. 2015</subfield>
    <subfield code="l">0</subfield>
    <subfield code="o">H347.7 EMP 10.2015</subfield>
    <subfield code="p">R17410</subfield>
    <subfield code="r">2026-04-10 16:08:43</subfield>
    <subfield code="w">2026-04-10</subfield>
    <subfield code="y">RN</subfield>
  </datafield>
  <datafield tag="952" ind1=" " ind2=" ">
    <subfield code="0">0</subfield>
    <subfield code="1">0</subfield>
    <subfield code="4">0</subfield>
    <subfield code="7">0</subfield>
    <subfield code="a">BCEJYS</subfield>
    <subfield code="b">BCEJYS</subfield>
    <subfield code="c">17</subfield>
    <subfield code="d">2015-09-01</subfield>
    <subfield code="h">A&#xF1;o 1, N&#xBA; 9 - sep. 2015</subfield>
    <subfield code="l">0</subfield>
    <subfield code="o">H347.7 EMP 9.2015</subfield>
    <subfield code="p">R15968</subfield>
    <subfield code="r">2026-04-10 16:08:43</subfield>
    <subfield code="w">2026-04-10</subfield>
    <subfield code="y">RN</subfield>
  </datafield>
  <datafield tag="952" ind1=" " ind2=" ">
    <subfield code="0">0</subfield>
    <subfield code="1">0</subfield>
    <subfield code="4">0</subfield>
    <subfield code="7">0</subfield>
    <subfield code="a">BCEJYS</subfield>
    <subfield code="b">BCEJYS</subfield>
    <subfield code="c">17</subfield>
    <subfield code="d">2015-08-01</subfield>
    <subfield code="h">A&#xF1;o 1, N&#xBA; 8 - ago. 2015</subfield>
    <subfield code="l">0</subfield>
    <subfield code="o">H347.7 EMP 8.2015</subfield>
    <subfield code="p">R15465</subfield>
    <subfield code="r">2026-04-10 16:08:43</subfield>
    <subfield code="w">2026-04-10</subfield>
    <subfield code="y">RN</subfield>
  </datafield>
  <datafield tag="952" ind1=" " ind2=" ">
    <subfield code="0">0</subfield>
    <subfield code="1">0</subfield>
    <subfield code="4">0</subfield>
    <subfield code="7">0</subfield>
    <subfield code="a">BCEJYS</subfield>
    <subfield code="b">BCEJYS</subfield>
    <subfield code="c">17</subfield>
    <subfield code="d">2015-07-01</subfield>
    <subfield code="h">A&#xF1;o 1, N&#xBA; 7 - jul. 2015</subfield>
    <subfield code="l">0</subfield>
    <subfield code="o">H347.7 EMP 7.2015</subfield>
    <subfield code="p">R14700</subfield>
    <subfield code="r">2026-04-10 16:08:43</subfield>
    <subfield code="w">2026-04-10</subfield>
    <subfield code="y">RN</subfield>
  </datafield>
  <datafield tag="952" ind1=" " ind2=" ">
    <subfield code="0">0</subfield>
    <subfield code="1">0</subfield>
    <subfield code="4">0</subfield>
    <subfield code="7">0</subfield>
    <subfield code="a">BCEJYS</subfield>
    <subfield code="b">BCEJYS</subfield>
    <subfield code="c">17</subfield>
    <subfield code="d">2015-06-01</subfield>
    <subfield code="h">A&#xF1;o 1, N&#xBA; 6 - jun. 2015</subfield>
    <subfield code="l">0</subfield>
    <subfield code="o">H347.7 EMP 6.2015</subfield>
    <subfield code="p">R14699</subfield>
    <subfield code="r">2026-04-10 16:08:43</subfield>
    <subfield code="w">2026-04-10</subfield>
    <subfield code="y">RN</subfield>
  </datafield>
  <datafield tag="952" ind1=" " ind2=" ">
    <subfield code="0">0</subfield>
    <subfield code="1">0</subfield>
    <subfield code="4">0</subfield>
    <subfield code="7">0</subfield>
    <subfield code="a">BCEJYS</subfield>
    <subfield code="b">BCEJYS</subfield>
    <subfield code="c">17</subfield>
    <subfield code="d">2015-05-01</subfield>
    <subfield code="h">A&#xF1;o 1, N&#xBA; 5 - mayo 2015</subfield>
    <subfield code="l">0</subfield>
    <subfield code="o">H347.7 EMP 5.2015</subfield>
    <subfield code="p">R14216</subfield>
    <subfield code="r">2026-04-10 16:08:43</subfield>
    <subfield code="w">2026-04-10</subfield>
    <subfield code="y">RN</subfield>
  </datafield>
  <datafield tag="952" ind1=" " ind2=" ">
    <subfield code="0">0</subfield>
    <subfield code="1">0</subfield>
    <subfield code="4">0</subfield>
    <subfield code="7">0</subfield>
    <subfield code="a">BCEJYS</subfield>
    <subfield code="b">BCEJYS</subfield>
    <subfield code="c">17</subfield>
    <subfield code="d">2015-04-01</subfield>
    <subfield code="h">A&#xF1;o 1, N&#xBA; 4 - abr. 2015</subfield>
    <subfield code="l">0</subfield>
    <subfield code="o">H347.7 EMP 4.2015</subfield>
    <subfield code="p">R13992</subfield>
    <subfield code="r">2026-04-10 16:08:43</subfield>
    <subfield code="w">2026-04-10</subfield>
    <subfield code="y">RN</subfield>
  </datafield>
  <datafield tag="952" ind1=" " ind2=" ">
    <subfield code="0">0</subfield>
    <subfield code="1">0</subfield>
    <subfield code="4">0</subfield>
    <subfield code="7">0</subfield>
    <subfield code="a">BCEJYS</subfield>
    <subfield code="b">BCEJYS</subfield>
    <subfield code="c">17</subfield>
    <subfield code="d">2015-03-01</subfield>
    <subfield code="h">A&#xF1;o 1, N&#xBA; 3 - mar. 2015</subfield>
    <subfield code="l">0</subfield>
    <subfield code="o">H347.7 EMP 3.2015</subfield>
    <subfield code="p">R13724</subfield>
    <subfield code="r">2026-04-10 16:08:43</subfield>
    <subfield code="w">2026-04-10</subfield>
    <subfield code="y">RN</subfield>
  </datafield>
  <datafield tag="952" ind1=" " ind2=" ">
    <subfield code="0">0</subfield>
    <subfield code="1">0</subfield>
    <subfield code="4">0</subfield>
    <subfield code="7">0</subfield>
    <subfield code="a">BCEJYS</subfield>
    <subfield code="b">BCEJYS</subfield>
    <subfield code="c">17</subfield>
    <subfield code="d">2015-02-01</subfield>
    <subfield code="h">A&#xF1;o 1, N&#xBA; 2 - feb. 2015</subfield>
    <subfield code="l">0</subfield>
    <subfield code="o">H347.7 EMP 2.2015</subfield>
    <subfield code="p">R13663</subfield>
    <subfield code="r">2026-04-10 16:08:43</subfield>
    <subfield code="w">2026-04-10</subfield>
    <subfield code="y">RN</subfield>
  </datafield>
</record>
